Write On Me-Lyrics - Statistics

General Stats
  • This quiz has been taken 22 times
  • The average score is 271 of 356
Answer Stats
Answer % Correct
pick
100%
the
100%
up
100%
me
93%
my
93%
on
93%
so
93%
write
93%
you
93%
a
87%
I
87%
outside
87%
pen
87%
body
80%
color
80%
give
80%
is
80%
lines
80%
mind
73%
paper
73%
see
73%
to
73%
your
73%
all
67%
bring
67%
everything
67%
fly
67%
it
67%
know
67%
life
67%
love
67%
no
67%
skin
67%
way
67%
wings
67%
an
60%
and
60%
baby
60%
can't
60%
change
60%
city
60%
I'll
60%
never
60%
put
60%
written
60%
face
53%
got
53%
it's
53%
some
53%
start
53%
again
47%
ain't
47%
are
47%
be
47%
draw
47%
in
47%
like
47%
of
47%
sleep
47%
take
47%
tat
47%
them
47%
time
47%
touching
47%
until
47%
will
47%
blank
40%
changing
40%
could
40%
ocean
40%
right
40%
tell
40%
there
40%
wave
40%
but
33%
cause
33%
down
33%
eraser
33%
flaws
33%
going
33%
mine
33%
danger
27%
end
27%
friend
27%
won't
27%
alive
20%
keeps
20%
truth
20%
yeah
20%
burns
13%
chaser
13%
straight
13%
No matching quizzes found
Score Distribution
Percent of People with Each Score
Percentile by Number Answered
Your Score History
You have not taken this quiz